| 000 | 00382 a2200169 4500 | ||
|---|---|---|---|
| 001 | 56968 | ||
| 020 | _a8537705919 | ||
| 040 | _cAnchieta - Pituba | ||
| 100 | _aOlinto, Antonio | ||
| 240 | 1 | 0 |
_aE agora? qual o caminho? _lpor |
| 245 | 1 | 0 | _aE agora? qual o caminho? |
| 300 | _a94 | ||
| 362 | 0 | _a2008 | |
| 440 | 1 | _aEscala Educacional | |
| 650 | 4 | _aLiteratura juvenil | |
| 942 | _cBK | ||
| 999 |
_c56968 _d56968 |
||